| 000 | 00478nam a22001937a 4500 | ||
|---|---|---|---|
| 003 | MPLRDC | ||
| 005 | 20220104203406.0 | ||
| 008 | 210129b ||||| |||| 00| 0 eng d | ||
| 020 | _a978-986-5942-68-7 | ||
| 082 | _a241 FHJ | ||
| 100 | _a傅宏基 编著 | ||
| 245 |
_a图解圣经 _c |
||
| 250 | _a二版 | ||
| 260 |
_a台湾 _b华威国际事业有限公司 _c2014 |
||
| 300 | _b平 | ||
| 520 | _a新书上架 2018-08-01。 | ||
| 650 | _a圣经 | ||
| 942 |
_cBK _o241 FHJ |
||
| 999 |
_c68106 _d68096 |
||